Band Names (No Vowels) - Statistics

General Stats
  • This quiz has been taken 550 times
    59 since last reset
  • The average score is 15 of 20
Answer Stats
Hint Band % Correct
KLLRS Killers
98%
NRVN Nirvana
98%
FFGHTRS Foo Fighters
96%
PNKFLD Pink Floyd
96%
BTLS Beatles
95%
FLTWDMC Fleetwood Mac
95%
LDZPPLN Led Zeppelin
95%
CLDPL Coldplay
91%
SNDGRDN Soundgarden
91%
PRLJM Pearl Jam
86%
2 U2
77%
WZR Weezer
77%
PXS Pixies
74%
RDHD Radiohead
72%
BLR Blur
68%
RMNS Ramones
67%
DRS Doors
54%
GLS Eagles
28%
SNCYTH Sonic Youth
26%
SS Oasis
21%
No matching quizzes found
Score Distribution
Percent of People with Each Score
Percentile by Number Answered
Your Score History
You have not taken this quiz since the last reset